| 000 | 01819nam a22004697a 4500 | ||
|---|---|---|---|
| 003 | CHAP | ||
| 005 | 20220329143402.0 | ||
| 008 | 090211s2008 mx r 00010 spa d | ||
| 010 | _a95821 | ||
| 011 | _a96793 | ||
| 035 | _a107450 | ||
| 040 | _cCHAP | ||
| 090 | _aTesis | ||
| 100 | 1 |
_aCastañeda Romo, Juan Miguel. _919936 |
|
| 245 | 1 | 0 |
_aEfecto de temperaturas bajas, durante la germinación, sobre rendimiento y calidad de fruto de pepino (Cucumis sativus L.) _c/por Juan Miguel Castañeda Romo |
| 260 |
_aChapingo, Méx. : _bEl autor, _c2008 |
||
| 300 |
_a31 h. : _bgráfs., tablas |
||
| 502 | _aTesis (Ing. Agr. Esp. en Fitotecnia) -- UACH. Departamento de Fitotecnia | ||
| 530 | _aTambién disponible en línea | ||
| 590 |
_aALEPH _b10 _c20130110 _lUCH01 _h1527 |
||
| 590 |
_aBATCH-UPD _b10 _c20130109 _lUCH01 _h2345 |
||
| 590 |
_aBATCH-UPD _b10 _c20130110 _lUCH01 _h0501 |
||
| 590 |
_aBATCH-UPD _b10 _c20130110 _lUCH01 _h2300 |
||
| 590 |
_aBATCH-UPD _b10 _c20130409 _lUCH01 _h1916 |
||
| 590 |
_aBATCH-UPD _b10 _c20130410 _lUCH01 _h0139 |
||
| 590 |
_aBATCH-UPD _b10 _c20130914 _lUCH01 _h0856 |
||
| 590 |
_aBATCH-UPD _b10 _c20140324 _lUCH01 _h1510 |
||
| 590 |
_aBATCH-UPD _b10 _c20141002 _lUCH01 _h0838 |
||
| 590 |
_aBATCH _b00 _c20181121 _lUCH01 _h0759 |
||
| 590 |
_aCONVERSION _b10 _c20130109 _lUCH01 _h1353 |
||
| 650 | 0 | 4 |
_aPepino _xCalidad. _986897 |
| 650 | 1 | 4 |
_aFrío _xEfecto en plantas. _943542 |
| 650 | 1 | 4 |
_aPepino _xEfecto del medio ambiente. _986902 |
| 650 | 1 | 4 |
_aPepino _xGerminación. _986912 |
| 650 | 1 | 4 |
_aPepino _xRendimiento. _986928 |
| 856 |
_3Finding aid _uhttp://10.13.5.2/tesis/107450.pdf _zTeclea aqui |
||
| 856 |
_a1 _n0001381 |
||
| 901 | _aBK | ||
| 942 | _cFOLL | ||
| 949 |
_aTesis _bBC _cTES _d33724002084629 _eTS1 _h48821 _i107450 _sb |
||
| 949 |
_aTesis _bBC _cTES _d33724002084660 _eTS2 _fc..2 _h48822 _i107450 _sb |
||
| 999 |
_c95821 _d95821 |
||